Tuổi thơ dữ dội

Đã lưu trong:
Chi tiết về thư mục
Tác giả chính: Phùng Quán (Tác giả)
Định dạng: Sách
Ngôn ngữ:Vietnamese
Được phát hành: H. Văn học 2005
Những chủ đề:
Các nhãn: Thêm thẻ
Không có thẻ, Là người đầu tiên thẻ bản ghi này!
Thư viện lưu trữ: Mạng thư viện Đại học Đà Nẵng
LEADER 01045nam a2200337 4500
001 000005870
003 2023
005 20120416100458.0
008 110823s2005 viesd
020 |c 80000đ 
041 0 |a vie 
082 |a 895.9223  |b PH-Q 
100 0 |a Phùng Quán 
245 0 |a Tuổi thơ dữ dội  |c Phùng Quán 
260 |a H.  |b Văn học  |c 2005 
300 |a 715 tr  |c 21 cm 
653 |a Văn học hiện đại 
653 |a Việt Nam 
653 |a Tiểu thuyết 
700 |a Phùng Quán  |e Tác giả 
910 |a Nguyễn Thị Kim Oanh  |d 23/08/2011 
OWN |a LSP 
AVA |a UDN50  |b LSP  |d 895.9223 PH-Q  |e check_holdings  |t Error 5003 Not defined in file expand_doc_bib_avail.  |h N  |k 1 
999 |a From the UDN01 
AVA |a UDN50  |b LSP  |d 895.9223 PH-Q  |e available  |t Error 5001 Not defined in file expand_doc_bib_avail.  |f 12  |g 0  |h N  |i 0  |k 1 
TYP |a Monograph 
TYP |a Printed language 
980 |a Mạng thư viện Đại học Đà Nẵng